Statistics for Olivia Rodrigo - get him back! (Lyrics)

Click here to take the quiz!

General Stats

  • This quiz has been taken 1,615 times
  • The average score is 383 of 487

Answer Stats

Answer% Correct
I
100%
a
99%
him
99%
him?
99%
him,
99%
an
98%
He
98%
he
98%
me
98%
me,
98%
when
98%
and
96%
And
96%
the
96%
to
95%
in
94%
So
94%
so
94%
guy
93%
with
93%
With
93%
met
92%
summer
92%
every
91%
get
91%
spring
91%
back
90%
back,
90%
left
90%
about
89%
had
89%
I'm
89%
everything
88%
nice
88%
said
88%
friend
87%
try"
87%
ego
86%
make
86%
wanna
86%
Wanna
86%
but
85%
But
85%
"Dude,
85%
feel
85%
like,
85%
argued
84%
friends
84%
my
84%
Then
84%
then
84%
was
84%
he's
83%
miss
83%
son
83%
eye
82%
would
82%
just
81%
Just
81%
night
81%
such
81%
temper
81%
want
81%
real
80%
never
79%
some
79%
end
78%
fun
78%
it
78%
jealous,
78%
much
78%
weird
78%
another
77%
Another
77%
six-foot-two
77%
up
77%
France
76%
take
76%
bad
75%
Do
75%
do
75%
really
75%
fly
74%
something
73%
us
73%
wandering
73%
wrong,
73%
love
72%
out,
72%
out
72%
on
71%
right
71%
dance
70%
hate
70%
he'd
70%
made
70%
parties
70%
sad
69%
bar,
68%
depressed
68%
feeling
68%
kiss
67%
say
67%
nights
66%
time
66%
club,
65%
song,
65%
again,
64%
again
64%
now
64%
guess
63%
sweet
63%
it's
62%
pass
62%
revenge
62%
choose,
60%
If
60%
down
59%
makes
59%
remember
59%
'Cause
58%
all
57%
face
57%
heart,
55%
heart
55%
laugh
51%
his
50%
way
49%
be
48%
tell
47%
car,
46%
car
46%
kisses
45%
letters,
45%
write
45%
key
44%
them
44%
'Til
44%
trash
44%
mom
43%
lunch
42%
these
42%
throw
42%
her
41%
sucks,
41%
sucks
41%
that
41%
of
40%
as
39%
meet
38%
uppercut
38%
break
37%
"send"
37%
disappointed
36%
little
36%
picture
36%
pour
36%
shit
36%
hitting
35%
knew
34%
daughter,
33%
everyone
33%
fix
33%
Because
32%
faces
32%
father's
32%
girl,
32%
maybe
32%
am
31%
only
31%
stitch
31%
wasn't
31%
one
30%
told
30%
truth
30%
could
29%
tripping
26%
hurt
25%
how
23%
I'll
18%

Score Distribution

Percentile by Number Answered

Percent of People with Each Score

Your Score History

You have not taken this quiz